| 000 | 00734cam a2200241Ii 4500 | ||
|---|---|---|---|
| 001 | 4696727 | ||
| 003 | ARRUPE | ||
| 005 | 20161215085113.0 | ||
| 008 | 770509t19651950ctu 000 0 eng d | ||
| 035 | _a(OCoLC)ocm02949790 | ||
| 035 | _a(NNC)4696727 | ||
| 040 |
_aMST _cMST _dOCLCQ |
||
| 050 | _aBF 173.B4 1965 | ||
| 100 | 1 |
_aBartemeier, Leo _d1900-1980. _928083 |
|
| 245 | 1 | 0 |
_aPsychoanalysis and religion / _cLeo Bartemeier |
| 260 |
_aNew Haven, _bYale University Press, _c[1965, c1950] |
||
| 300 |
_avi, 119 p. _c21 cm. |
||
| 440 |
_aBulletin of the Menninger Clinic _pNo.5 _v29 _928084 |
||
| 650 | 0 |
_aPsychoanalysis and religion. _92638 |
|
| 650 | 0 |
_aPsychology, Religious. _928085 |
|
| 942 |
_2lcc _cMONOGRAPH |
||
| 999 |
_c125904 _d125904 |
||